Seven principles for creating your future : pursue your dreams follow your passions live your values (Record no. 183761)

MARC details
000 -LEADER
fixed length control field 00467nam a2200145Ia 4500
005 - DATE AND TIME OF LATEST TRANSACTION
control field 20250319154758.0
008 - FIXED-LENGTH DATA ELEMENTS--GENERAL INFORMATION
fixed length control field 231217s9999 xx 000 0 und d
020 ## - INTERNATIONAL STANDARD BOOK NUMBER
International Standard Book Number 9788179925454
082 ## - DEWEY DECIMAL CLASSIFICATION NUMBER
Classification number 158.1 SEM;1 R
100 ## - MAIN ENTRY--PERSONAL NAME
Personal name Semradek, James J. Butler, Michael P.
245 #0 - TITLE STATEMENT
Title Seven principles for creating your future : pursue your dreams follow your passions live your values
260 ## - PUBLICATION, DISTRIBUTION, ETC. (IMPRINT)
Date of publication, distribution, etc. 2007
Name of publisher, distributor, etc. Jaico Publishing House
Place of publication, distribution, etc. Bangalore
300 ## - PHYSICAL DESCRIPTION
Extent 135
942 ## - ADDED ENTRY ELEMENTS (KOHA)
Koha item type Books
Holdings
Date last seen Total Checkouts Full call number Accession number Old discount Uniform Resource Identifier Cost, replacement price Price effective from Category Lost status Damaged status Department Withdrawn status bill no. bill date Permanent Location Current Location Shelving location Entry date Vendor Cost, normal purchase price Grants Currency symbol Conversion rate Discount Discount type
26/01/2024   158.1 SEM;1 R 55429 25 digital/contents/55429.pdf 221.25 26/01/2024 Books     Central Library   2009/CRB/0000702 18/02/2013 Central Library Central Library Central Library 11/08/2009 Intact Book House Pvt Ltd 295.00 MBA RS 1 73.75 Rupees

© For any Suggestions or Query, please contact the library staff @ librarian@pes.edu or Phone: +9180 2672 1983/ 2108.